Missing Word: 2010 Movies II Quiz Stats

 Plays Quiz Updated Jan 14, 2019

Support Sporcle.
Go Orange.
Score 0/16 Timer 04:00
3 Plays Today
Hint Answer % Correct
____ and the City 2Sex
97.1%
Robin ____ Hood
94.7%
A ____ on Elm StreetNightmare
91.8%
Harry Potter and the ____ Hallows: Part 1Deathly
89.9%
The ____ Saga: EclipseTwilight
87.8%
Diary of a ____ KidWimpy
87%
Hot Tub Time ____ Machine
85.8%
The ____ AirbenderLast
83.2%
Hint Answer % Correct
The ____ Of EliBook
81.3%
____ GritTrue
81%
The Sorcerer's ____ Apprentice
74%
____ FockersLittle
72.9%
Due ____Date
69.1%
Shrek ____ AfterForever
62.7%
TRON: ____Legacy
53.7%
The Other ____Guys
44.5%

Today's Daily Dose

From the Vault

Largest Countries Minefield

by gwukelic

Geography 20m
This quiz is quite dangerous. Be careful and choose wisely.
Remove Ads.
Support Sporcle.
Get the best of Sporcle when you Go Orange. This ad-free experience offers more features, more stats, and more fun while also helping to support Sporcle. Thank you for becoming a member.

Show Comments

Extras

Top Quizzes Today


Score Distribution

Your Account Isn't Verified!

In order to create a playlist on Sporcle, you need to verify the email address you used during registration. Go to your Sporcle Settings to finish the process.

Report this User

Report this user for behavior that violates our Community Guidelines.

Details: